000 00891nam a2200265 a 4500
001 BRCA_4431
005 20190320204652.0
008 230810s1941----nyua######---#000-0#eng-#
041 _aeng
044 _anyu
050 4 _aNK2599
_b.H57 2 1941
100 1 _aHardendorff Burr, Grace
_910919
245 1 0 _aHispanic Furniture
_bwith examples in the Collections of the Hispanics Society of America
_cGrace Hardendorff Burr.
260 _aNueva York
_bOrder of the Trustees
_c1941
300 _axvi, 240 p.
_bil., 175 láminas
_c23 cm.
440 0 _aCatalogue series
_911244
500 _aIncluye índice alfabético, índice de ilustraciones y notas
500 _aVer también AM48 e Y62
500 _aM75
504 _aBibliografía : p. 231-234
650 1 4 _aMuebles
_xHistoria
_zEspaña
_910920
650 1 4 _aMuebles barrocos
_ySiglo XV-XVIII
_910921
902 _aGFM
942 _2lcc
_cB
999 _c4140
_d4140